| 000 | 00734nam a2200181Ia 4500 | ||
|---|---|---|---|
| 008 | 100917s9999 xx 000 0 und d | ||
| 082 | _b33331 | ||
| 100 | _aगोरे दादा , सुनेत्रा ओक - संपा. | ||
| 245 | _aहरिश्चंद्राख्यान (मुक्तेश्वरकृत) | ||
| 260 |
_bदादा गोरे _c1976 |
||
| 300 | _a107 | ||
| 365 | _b8 | ||
| 520 | _aअध्यात्म | ||
| 630 | _aहरिश्चंद्राख्यान (मुक्तेश्वरकृत) | ||
| 650 | _aअध्यात्म | ||
| 730 | _aहरिश्चंद्राख्यान (मुक्तेश्वरकृत) | ||
| 942 | _cBOOK | ||
| 999 |
_c638725 _d638722 |
||